000 00296nam a22001337a 4500
008 170512b xxu||||| |||| 00| 0 eng d
020 _a2900138146244
041 _aeng
080 _23RD
_a94(7/8)
100 _a15
101 _aSHH
245 _aAMERICAN DESTINY
_cCARNES, M.C
942 _2udc
_cBK
999 _c13327
_d13327